000 00739cam a22002531 4500
001 BD-DhSAU 2423
003 BD-DhSAU
005 20150128124149.0
008 730216s1956 nyua 001 0 eng
040 _aBD-DhSAU
082 _222
_a637.12
_bECD
100 1 _aEckles, C. H.
_q(Clarence Henry)
245 1 0 _aDairy cattle and milk production.
_cClarence H. Eckles & Revised by Ernest L. Anthony
250 _a5th ed.
260 _aNew York :
_bThe Macmillan Co. ,
_cc1956.
300 _axix, 587 p. :
_bill. ;
_c22 cm.
504 _aIncludes index.
590 _aJerin
650 0 _aDairying.
650 0 _aDairy cattle.
650 0 _aMilk.
650 0 _aAnimal Husbandry
700 1 _aRevised by Anthony, Ernest L.
_q(Ernest Lee)
942 _2ddc
_cBOOK
999 _c2423
_d2423